[Event "Vsetin op 43rd"]
[Site "Vsetin"]
[Date "2018.07.07"]
[Round "5"]
[White "Mostek, Jan"]
[Black "Laurincova, Kristyna"]
[Result "1/2-1/2"]
[WhiteElo "1810"]
[BlackElo "1944"]
[PlyCount "79"]
[EventDate "2018.07.04"]
[EventType "swiss"]
[EventRounds "9"]
[EventCountry "CZE"]
[SourceTitle "CBM 185 Extra"]
[Source "ChessBase"]
[SourceDate "2018.07.29"]
[SourceVersion "1"]
[SourceVersionDate "2018.07.29"]
[SourceQuality "1"]

1. d4 Nf6 2. Bf4 c5 3. e3 g6 4. c3 Nc6 5. Be2 b6 6. Nf3 Bg7 7. 0-0 0-0 8. h3 d5 9. Nbd2 Re8 10. Ne5 Nxe5 11. Bxe5 Bb7 12. Bb5 Rf8 13. Rc1 a6 14. Be2 Nd7 15. Bxg7 Kxg7 16. Nf3 Qc7 17. c4 dxc4 18. dxc5 Nxc5 19. Qd4+ Kg8 20. Qxc4 Rac8 21. Qh4 Bxf3 22. Bxf3 Qe5 23. b4 Nd3 24. Rc4 Qb5 25. Rxc8 Rxc8 26. Qxe7 Qxb4 27. Qd7 Qc3 28. Bb7 Rc7 29. Qd8+ Kg7 30. Bxa6 Nb4 31. Be2 Nxa2 32. Rd1 Qc5 33. Qd4+ Qxd4 34. Rxd4 Nc3 35. Bf1 b5 36. Rb4 Kf6 37. Bxb5 Rb7 38. Rf4+ Ke5 39. Bd3 Rd7 40. Rd4 1/2-1/2

[Event "Vsetin op 43rd"]
[Site "Vsetin"]
[Date "2018.07.05"]
[Round "2"]
[White "Havelka, Ondrej"]
[Black "Mostek, Jan"]
[Result "1-0"]
[WhiteElo "2124"]
[BlackElo "1810"]
[PlyCount "63"]
[EventDate "2018.07.04"]
[EventType "swiss"]
[EventRounds "9"]
[EventCountry "CZE"]
[SourceTitle "CBM 185 Extra"]
[Source "ChessBase"]
[SourceDate "2018.07.29"]
[SourceVersion "1"]
[SourceVersionDate "2018.07.29"]
[SourceQuality "1"]

1. d4 Nf6 2. c4 g6 3. Nc3 d5 4. cxd5 Nxd5 5. e4 Nxc3 6. bxc3 Bg7 7. Qa4+ Nd7 8. Nf3 0-0 9. Be2 c5 10. 0-0 cxd4 11. cxd4 Nc5 12. dxc5 Bxa1 13. e5 Bc3 14. Qf4 Kh8 15. Rd1 Qc7 16. Bc4 f6 17. Qh6 Bf5 18. g4 Bxg4 19. Nh4 Bh5 20. Rd3 Qxe5 21. Rg3 Qe1+ 22. Bf1 Rg8 23. Ng2 Qd1 24. Rxc3 Be2 25. Ne3 Qe1 26. Rc2 Bd3 27. Bd2 Qb1 28. Rc1 Qb5 29. Bg2 Qd7 30. c6 Qe6 31. cxb7 Rab8 32. Bd5 1-0

[Event "CZE-chT2E 1718"]
[Site "Czech Republic"]
[Date "2018.01.28"]
[Round "7.7"]
[White "Zvardon, Petr"]
[Black "Mostek, Jan"]
[Result "0-1"]
[WhiteElo "2007"]
[BlackElo "1780"]
[PlyCount "70"]
[EventDate "2017.10.15"]
[EventType "team-tourn"]
[EventRounds "11"]
[EventCountry "CZE"]
[SourceTitle "EXT 2022"]
[Source "ChessBase"]
[SourceDate "2021.10.06"]
[SourceVersion "1"]
[SourceVersionDate "2021.10.06"]
[SourceQuality "1"]
[WhiteTeam "Vsetin"]
[BlackTeam "Vlcnov"]
[WhiteTeamCountry "CZE"]
[BlackTeamCountry "CZE"]

1. e4 e6 2. d3 d5 3. Nd2 c5 4. Ngf3 Nc6 5. g3 Nf6 6. Bg2 dxe4 7. dxe4 e5 8. 0-0 Be7 9. c3 0-0 10. Qc2 Qc7 11. Nc4 Be6 12. Ne3 Qc8 13. Ng5 Bd7 14. Nd5 h6 15. Nf3 Be6 16. Nxe7+ Nxe7 17. Nxe5 Bh3 18. Nc4 Bxg2 19. Kxg2 Qe6 20. Nd2 Ng6 21. Re1 Rfe8 22. f3 Rad8 23. Nf1 Ne5 24. Be3 g5 25. Rad1 b6 26. b3 c4 27. Bd4 g4 28. fxg4 Nd3 29. Re2 Nxe4 30. bxc4 Qc6 31. Rxd3 Nxc3+ 32. Kh3 Nxe2 33. Qd2 Rxd4 34. Rxd4 Ng1+ 35. Kh4 Nf3+ 0-1

[Event "Vsetin op"]
[Site "Vsetin"]
[Date "2017.07.04"]
[Round "4"]
[White "Mostek, Jan"]
[Black "Ambrozova, Lucie"]
[Result "0-1"]
[WhiteElo "1774"]
[BlackElo "1875"]
[PlyCount "52"]
[EventDate "2017.07.01"]
[EventType "swiss"]
[EventRounds "9"]
[EventCountry "CZE"]
[SourceTitle "CBM 179 Extra"]
[Source "ChessBase"]
[SourceDate "2017.08.23"]
[SourceVersion "1"]
[SourceVersionDate "2017.08.23"]
[SourceQuality "1"]

1. e4 c5 2. Nc3 Nc6 3. Bb5 g6 4. f4 Bg7 5. Bxc6 bxc6 6. d3 d5 7. e5 Nh6 8. b3 0-0 9. Nf3 f6 10. 0-0 fxe5 11. Nxe5 Qd6 12. Bd2 Nf5 13. Re1 Nd4 14. Na4 Ne6 15. g3 g5 16. c3 gxf4 17. gxf4 Nxf4 18. Bxf4 Rxf4 19. Qe2 d4 20. c4 Bh3 21. Qh5 Be6 22. Qe2 Raf8 23. Nxc6 Rg4+ 24. Qxg4 Bxg4 25. Nxe7+ Kh8 26. Nd5 Be5 0-1

[Event "Vsetin op"]
[Site "Vsetin"]
[Date "2017.07.02"]
[Round "2"]
[White "Mostek, Jan"]
[Black "Weinzettl, Ernst"]
[Result "0-1"]
[WhiteElo "1774"]
[BlackElo "2290"]
[PlyCount "76"]
[EventDate "2017.07.01"]
[EventType "swiss"]
[EventRounds "9"]
[EventCountry "CZE"]
[SourceTitle "CBM 179 Extra"]
[Source "ChessBase"]
[SourceDate "2017.08.23"]
[SourceVersion "1"]
[SourceVersionDate "2017.08.23"]
[SourceQuality "1"]

1. e4 e6 2. d4 d5 3. exd5 exd5 4. Nf3 Bd6 5. c4 Nf6 6. Nc3 0-0 7. Bg5 Re8+ 8. Be2 dxc4 9. 0-0 Nbd7 10. Bxc4 Nb6 11. Bb3 Bf5 12. Re1 Rxe1+ 13. Qxe1 Be7 14. Ne5 Bg6 15. Nxg6 hxg6 16. Bxf6 Bxf6 17. Qe4 Qxd4 18. Qxb7 Re8 19. g3 Qd2 20. Ne4 Qxb2 21. Nxf6+ Qxf6 22. Rf1 c5 23. Qa6 Re7 24. Rc1 Rc7 25. Qb5 Qe7 26. Qd3 Kh7 27. Bc2 c4 28. Qf3 Rc5 29. h4 Qf6 30. Qd1 Rd5 31. Qe2 Re5 32. Qd1 Kg8 33. Qd2 Qe7 34. Rd1 Re2 35. Qd8+ Qxd8 36. Rxd8+ Kh7 37. Bd1 Rxa2 38. Bf3 c3 0-1